The noble scholar, jurist, historian


 His Excellency Dr. Abdul Wahhab bin Ibrahim Abu Sulaiman, may Allah have mercy on him.


 He was born in Umm Al-Qura in the year 1356 AH.

جيران زمزم : (Record no. 7461)

MARC details
000 -LEADER
fixed length control field 04542cam a2200289 i 4500
003 - CONTROL NUMBER IDENTIFIER
control field OSt
005 - DATE AND TIME OF LATEST TRANSACTION
control field 20250430072302.0
008 - FIXED-LENGTH DATA ELEMENTS--GENERAL INFORMATION
fixed length control field 250429s2013 le g 000r1 ara c
020 ## - INTERNATIONAL STANDARD BOOK NUMBER
International Standard Book Number 9786144181768
040 ## - CATALOGING SOURCE
Original cataloging agency KAC
Language of cataloging ara
Transcribing agency SA-RiAUC
Description conventions rda
082 04 - DEWEY DECIMAL CLASSIFICATION NUMBER
Classification number 813.03
Assigning agency SA-RiAUC
090 ## - LOCALLY ASSIGNED LC-TYPE CALL NUMBER (OCLC); LOCAL CALL NUMBER (RLIN)
Classification number (OCLC) (R) ; Classification number, CALL (RLIN) (NR) 813.03
Local cutter number (OCLC) ; Book number/undivided call number, CALL (RLIN) ت ر ا
100 1# - MAIN ENTRY--PERSONAL NAME
Personal name تراوري، محمود إبراهيم،
Dates associated with a name 1968-
Relator term مؤلف.
245 10 - TITLE STATEMENT
Title جيران زمزم :
Remainder of title رواية /
Statement of responsibility, etc. محمود تراوري.
250 ## - EDITION STATEMENT
Edition statement الطبعة الأولى.
264 #1 - PRODUCTION, PUBLICATION, DISTRIBUTION, MANUFACTURE, AND COPYRIGHT NOTICE
Place of production, publication, distribution, manufacture بيروت :
Name of producer, publisher, distributor, manufacturer جداول للنشروالترجمة والتوزيع،
Date of production, publication, distribution, manufacture, or copyright notice 2013
300 ## - PHYSICAL DESCRIPTION
Extent 167 صفحة ؛
Dimensions 21 × 14 سم
336 ## - CONTENT TYPE
Content type term نص
Content type code txt
Source rdacontent
Materials specified كتاب
337 ## - MEDIA TYPE
Media type term بدون وسيط
Media type code n
Source rdamedia
338 ## - CARRIER TYPE
Carrier type term مجلد
Carrier type code nc
Source rdacarrier
500 ## - GENERAL NOTE
General note تصميم الغلاف : محمد مجلد إبراهيم.
520 ## - SUMMARY, ETC.
Summary, etc. تغطي الرواية تاريخ الحجاز منذ القرن الثامن عشر وإلى الآن وترصد التحولات في المشهد الديني والثقافي في حياة الناس، بحيث يقترب منها الروائي من أحداث وأسماء وأماكن حقيقية وشخصيات عامة حقيقية شاركت في هذه الأحداث فاعلة ومنفعلة "... مؤكدا أن الحجاز ينقسم إلى حاضرة وبادية، ولا يحق لطرف إلغاء الآخر او تعميم غطه على الآخر. وأنه من غير الصواب أن يأتي رهط من بادية الحجاز التاريخية اليوم، ومن بعد انتقالهم للمدن مع الطغرة النفطية من ثلاثة عقود مضت، بمطالبة ما لا يحق لهم من إرث وتاريخ ونهضة صنعها حضر الحجاز المعجونين في مدينته منذ قرون وفق آلية معروفة وموثقة في طل سجلات الحجاز وكتب التأريخ". وبعد، "جيران زمزم" سياحة تاريخية زمعرفية ممتعة، فيها مزج بين الماضي والحاضر من دون المس بالمقدسات، عرف مؤلفها كيف يحافظ على التوازن بين المادة التاريخية وإعادة تصنيفها روائيا، فأضاف إلى المكتبة الروائية إنجازا يستحق القراءة. مطلق، ابن جدة، كما يفضل أن يعرف نفسه لمن يسأله ( وش تعود؟ )، ينتمي لتلك العوائل التي استقرت في الهنداوية البخارية والكندرة والرويس، قادمة من عنيزة، كان أبوه من كبار التجارالذين حرصوا على تعليم أبنائهم تعليما راقيا، كانوا بمجرد إنهائهم المرحلة الاعدادية، يلقي بهم في بيروت. منهم من أكمل تعليمه في أميركا وفرنسا وبريطانيا. قدم أطروحة الدكتوراه عن عائلة ليست قرشية أو هذلية استقرت في الحجاز منذ ثلاثمائة عام، كانت تعمل في الطوافة، ثم التجارة، مرورا بالامامة في الحرمين والتدريس في جنباته وإبقاء جذوة العلم متقدة فيه. كان يركز في أطروحته على أن هذاالنمط هو السائد في قيام اجتماع وعمران الحواضر العربية والإسلامية على الإطلاق. أذهل الغرب وهو يفكك سطحية جواسيس الثامن والتاسع عشر، الذين كتبوا بتعال وجهل وصفاقة أمثال بيركهارت وهورخونية سنوك وبرايتون ، مؤكدا أن الحجاز ينقسم الى حاضرة وبادية، ولا يحق لطرف إلغاء الآخر أو تعميم نمطه على الآخر. وأنه من غيرالصواب أن يأتي رهط من بادية الحجاز التاريخية اليوم، ومن بعد انتقالهم للمدن مع الطفرة النفطية من ثلاثة عقود مضت، بمطالبة ما لا يحق لهم من ارث وتاريخ ونهضة صنعها حضر الحجاز المعجونين في مدنيته منذ قرون وفق آلية معروفة وموثقة في كل سجلات الحجاز وكتب التأريخ.
521 ## - TARGET AUDIENCE NOTE
Target audience note موجه للكبار.
650 #7 - SUBJECT ADDED ENTRY--TOPICAL TERM
Topical term or geographic name entry element القصص العربية
Geographic subdivision السعودية
Chronological subdivision قرن 15 هجري
Source of heading or term aucsh
942 ## - ADDED ENTRY ELEMENTS (KOHA)
Source of classification or shelving scheme Dewey Decimal Classification
Koha item type Books
Suppress in OPAC No
949 ## - LOCAL PROCESSING INFORMATION (OCLC)
a SA-JeALM
d 250429
u mohamedma123
n 1
Holdings
Withdrawn status Lost status Source of classification or shelving scheme Damaged status Not for loan Home library Current library Date acquired Total checkouts Full call number Barcode Date last seen Price effective from Koha item type
    Dewey Decimal Classification     DR AbdElwahab Library DR AbdElwahab Library 04/30/2025   813.03 ت ر ا 000012402 04/30/2025 04/30/2025 Books